000
003200000a22001450004500
003
MACL
005
20160106125944.0
008
160106b xxu||||| |||| 00| 0 eng d
040
_a
MACL
_c
MACL
041
_a
English
082
_a
823/VAC
245
_a
The Other Side
650
_a
Novel
_9
153
942
_c
BK
_k
823/VAC
_2
ddc
999
_c
39340
_d
39340